000 01010nam a2200313 i 4500
001 1493
003 KOSZ 005
005 20250716063538.0
008 000114s1980 pl a f f |001 0 pol
015 _aPB 1981/87
020 _a8320402352
040 _aWA N
_cWA N
_dKOSZ 005/HR
041 0 _apol
046 _k1980
080 _a621.9
080 _a(075.8)
100 1 _aKunstetter, Stanisław
_d(1912-1985)
_eAutor
245 1 0 _aPodstawy konstrukcji narzędzi skrawających /
_cStanisław Kunstetter.
260 _aWarszawa :
_bWydaw-a Naukowo-Techniczne,
_c1980.
300 _a504, [4] s. :
_bil., tab., wykr. ;
_c24 cm.
504 _aBibliogr. s. 461. - Indeks.
658 _aInżynieria i technika
650 4 _aSkrawanie
655 4 _aPodręczniki akademickie
650 4 _aBudowa i konstrukcje
650 4 _aNarzędzia skrawające
856 _uhttp://koha.tu.koszalin.pl/cgi-bin/koha/opac-detail.pl?biblionumber=1493
_yKatalog online BPK
942 _2UKD
_cKS
999 _c1493
_d1493